লোডিং...

Computer graphics/

গ্রন্থ-পঞ্জীর বিবরন
প্রধান লেখক: Plastock, R.A
অন্যান্য লেখক: Kalley, G.
বিন্যাস: Printed Book
ভাষা:English
প্রকাশিত: Mcgraw Hill, 1986.
LEADER 00365nam a2200121Ia 4500
008 120707s9999 xx 000 0 eng d
100 |a Plastock, R.A 
245 0 |a Computer graphics/ 
260 |b Mcgraw Hill,  |c 1986. 
700 1 |a Kalley, G. 
942 |c BK 
999 |c 132048  |d 132048 
952 |0 0  |1 0  |4 0  |7 0  |9 146155  |a MAT  |b MAT  |c ST1  |d 2012-07-10  |i 2503  |l 0  |p MAT2503  |r 2013-08-01  |w 2013-08-01  |y BK